| 000 | 00754nam a2200205 a 4500 | ||
|---|---|---|---|
| 003 | 0 | ||
| 005 | 20250312083842.0 | ||
| 008 | 090709s19uu xx 00 eng d | ||
| 050 |
_aPHS RD 120.9 _b.L477 2009 |
||
| 100 | _aLee, Da Eun. | ||
| 245 |
_aInclination of Asian women to achieve ideal beauty through cosmetic surgery / _cDa Eun Lee. |
||
| 260 |
_aLas PiƱas City, Philippines : _bSouthville International School and Colleges, _c2009. |
||
| 300 |
_a29 pages : _billustrations ; _c28 cm. |
||
| 504 | _aIncludes bibliographical references. | ||
| 650 |
_aCosmetic surgery _xSocial aspects _zAsia. |
||
| 650 |
_aWomen _zAsia _xSocial conditions. |
||
| 650 |
_aBody image _zAsia. |
||
| 650 |
_aBeauty, Personal _xSocial aspects _zAsia. |
||
| 942 |
_2lcc _cPASS |
||
| 999 |
_c98255 _d98255 |
||